000 00989nam a2200277Ia 4500
001 ebr10161483
003 CaPaEBR
006 m u
007 cr cn|||||||||
008 070321s2007 ie a s 000 0 eng d
020 _z1903737087
020 _z1903737118
040 _aCaPaEBR
_cCaPaEBR
035 _a(OCoLC)191662485
050 1 4 _aRC875
_b.H463 2007eb
100 1 _aHemat, R. A. S.
245 1 0 _aAndropathy
_h[electronic resource] /
_cR. A. S. Hemat.
260 _a[Blackrock, Co. Dublin] :
_bUrotext,
_c2007.
300 _a740 p. :
_bill.
533 _aElectronic reproduction.
_bPalo Alto, Calif. :
_cebrary,
_d2009.
_nAvailable via World Wide Web.
_nAccess may be limited to ebrary affiliated libraries.
650 0 _aAndrology.
650 0 _aMen
_xDiseases.
655 7 _aElectronic books.
_2local
710 2 _aebrary, Inc.
856 4 0 _uhttp://site.ebrary.com/lib/rucke/Doc?id=10161483
_zAn electronic book accessible through the World Wide Web; click to view
999 _c242899
_d242899